[Event "DVM U14w 2018"]
[Site "Neumünster GER"]
[Date "2018.12.29"]
[Round "6"]
[White "Neumann, Konstantina"]
[Black "Buchholz, Maja"]
[Result "0-1"]
[Termination "normal"]
[Board "6.1"]
[WhiteElo "1498"]
[BlackElo "1517"]
[WhiteTeam "Gütersloher SV"]
[BlackTeam "SV 1920 Hofheim"]
[PlyCount "76"]
[WhiteFideId "16200543"]
[BlackFideId "16200500"]
[EventCountry "GER"]
[EventRounds "7"]
[EventType "team-swiss"]
[EventDate "2018.12.26"]

1. e4 c5 2. Nc3 g6 3. f4 d6 4. Nf3 Bg7 5. Be2 Nf6 6. O-O Nc6 7. Bb5 Bd7 8. d3
O-O 9. Qe1 a6 10. Bxc6 Bxc6 11. Qg3 Qc7 12. Nh4 b5 13. a3 a5 14. f5 Ra7 15. Rf3
Rb7 16. Qg5 h6 17. Qg3 g5 18. Bxg5 hxg5 19. Qxg5 Nh7 20. Qg4 Nf6 21. Qh3 c4 22.
Raf1 b4 23. axb4 axb4 24. Ne2 Qb6+ 25. Kh1 cxd3 26. cxd3 Ra7 27. Rg3 Qc7 28.
Rff3 Ra1+ 29. Ng1 Qa7 30. Re3 Bb5 31. Rg5 Ne8 32. f6 exf6 33. Rgg3 Bd7 34. Nf5
Be6 35. Qh5 Bxf5 36. Qxf5 Qc5 37. Qh3 Qc1 38. Rxg7+ Nxg7 0-1

[Event "DVM U14w 2018"]
[Site "Neumünster GER"]
[Date "2018.12.29"]
[Round "6"]
[White "Irrgang, Natascha"]
[Black "Klahold, Rona"]
[Result "0-1"]
[Termination "normal"]
[Board "6.2"]
[WhiteElo "1164"]
[BlackElo "1355"]
[WhiteTeam "SV 1920 Hofheim"]
[BlackTeam "Gütersloher SV"]
[PlyCount "106"]
[WhiteFideId "16257545"]
[BlackFideId "16222970"]
[EventCountry "GER"]
[EventRounds "7"]
[EventType "team-swiss"]
[EventDate "2018.12.26"]

1. e4 e5 2. Nf3 Nc6 3. d4 exd4 4. Nxd4 Nxd4 5. Qxd4 Ne7 6. Nc3 Nc6 7. Qe3 Bb4
8. Bd2 d6 9. Bc4 Be6 10. Be2 Bc5 11. Qg3 Qf6 12. Rf1 Nd4 13. Bd3 h6 14. f4 Qg6
15. Qxg6 fxg6 16. e5 Bf5 17. O-O-O O-O-O 18. Be3 dxe5 19. Bxf5+ gxf5 20. fxe5
Ne2+ 21. Nxe2 Bxe3+ 22. Kb1 Rhe8 23. Rxd8+ Rxd8 24. a3 g6 25. g3 Rd2 26. Nf4
Bxf4 27. Rxf4 Rxh2 28. g4 Rh4 29. Kc1 Rxg4 30. Rf2 Kd7 31. Re2 Re4 32. Kd2
Rxe2+ 33. Kxe2 Ke6 34. Kf3 Kxe5 35. Kg3 f4+ 36. Kf3 g5 37. Kf2 g4 38. Kg2 f3+
39. Kf2 Kf4 40. Kf1 g3 41. Ke1 f2+ 42. Ke2 Ke4 43. b4 h5 44. c4 h4 45. c5 h3
46. Kd2 f1=Q 47. Kc3 Qd3+ 48. Kb2 Ke3 49. c6 bxc6 50. b5 Kd2 51. bxc6 Qc2+ 52.
Ka1 Kc3 53. a4 Qb2# 0-1

[Event "DVM U14w 2018"]
[Site "Neumünster GER"]
[Date "2018.12.29"]
[Round "6"]
[White "Engels, Marlene"]
[Black "Biesdorf, Ina"]
[Result "0-1"]
[Termination "normal"]
[Board "6.3"]
[WhiteElo "1121"]
[BlackElo "1325"]
[WhiteTeam "Gütersloher SV"]
[BlackTeam "SV 1920 Hofheim"]
[PlyCount "120"]
[WhiteFideId "16222962"]
[BlackFideId "16275322"]
[EventCountry "GER"]
[EventRounds "7"]
[EventType "team-swiss"]
[EventDate "2018.12.26"]

1. e4 e5 2. Nf3 Nc6 3. Bc4 Bc5 4. Nc3 d6 5. h3 h6 6. d3 Nf6 7. Be3 Bb6 8. O-O
Be6 9. Bb3 O-O 10. Re1 Nd7 11. Ne2 Ne7 12. Ng3 Ng6 13. d4 Bxb3 14. axb3 Qf6 15.
Nh5 Qe7 16. Qd2 Kh7 17. Rad1 Rad8 18. Nh2 Qh4 19. Ng3 Nb8 20. Nf5 Qxe4 21. Ng3
Qd5 22. Ng4 f5 23. Nxf5 Rxf5 24. c4 Qg8 25. Bxh6 Qf7 26. dxe5 Qe7 27. exd6 Qxd6
28. Qe2 Qf8 29. Be3 Qe8 30. b4 Rxd1 31. Qxd1 Bxe3 32. Rxe3 Qd7 33. Qxd7 Nxd7
34. Rd3 Nde5 35. Nxe5 Nxe5 36. Rd4 Rf7 37. Re4 Nd3 38. Re2 Nxb4 39. b3 Nc6 40.
Rb2 Ne5 41. Re2 Re7 42. f4 Nf3+ 43. Kf2 Rxe2+ 44. Kxe2 Nd4+ 45. Kf2 Nxb3 46. g4
Nd4 47. Ke3 Ne6 48. f5 Nd8 49. h4 g6 50. fxg6+ Kxg6 51. h5+ Kg5 52. Kf3 Nf7 53.
Kg3 Nh6 54. Kf3 Nxg4 55. h6 Nxh6 56. Ke3 Kf5 57. Kd4 Ke6 58. Kc5 Kd7 59. Kb5
c6+ 60. Ka5 Kd6 0-1

[Event "DVM U14w 2018"]
[Site "Neumünster GER"]
[Date "2018.12.29"]
[Round "6"]
[White "Falke, Ornella"]
[Black "Orlova, Alicia"]
[Result "0-1"]
[Termination "normal"]
[Board "7.1"]
[WhiteElo "1509"]
[BlackElo "1616"]
[WhiteTeam "Elmshorner SC"]
[BlackTeam "SF Gerresheim"]
[PlyCount "86"]
[WhiteFideId "16207092"]
[BlackFideId "34154563"]
[EventCountry "GER"]
[EventRounds "7"]
[EventType "team-swiss"]
[EventDate "2018.12.26"]

1. e4 e5 2. Nf3 Nc6 3. Bb5 a6 4. Ba4 Nf6 5. O-O d6 6. Re1 Bg4 7. h3 Bh5 8. c3
Be7 9. d3 O-O 10. Be3 Qd7 11. Nbd2 b5 12. Bc2 d5 13. Nb3 Rad8 14. Nc5 Bxc5 15.
Bxc5 Rfe8 16. Qe2 d4 17. cxd4 Nxd4 18. Bxd4 exd4 19. a4 b4 20. Rec1 Qe6 21. Bd1
Bxf3 22. Qxf3 Rc8 23. Rc4 c5 24. Rac1 Qd6 25. Qf5 Nd7 26. Bg4 Ne5 27. R4c2 Nxd3
28. Rd1 Ne5 29. Qxc8 Rxc8 30. Bxc8 d3 31. Rcd2 c4 32. f4 Qc5+ 33. Kh2 c3 34.
bxc3 bxc3 35. fxe5 cxd2 36. Bg4 h5 37. Bf3 Qxe5+ 38. Kh1 f5 39. Bxh5 Qxe4 40.
Kh2 Qe5+ 41. g3 Qe2+ 42. Bxe2 dxe2 43. Rxd2 e1=Q 0-1

[Event "DVM U14w 2018"]
[Site "Neumünster GER"]
[Date "2018.12.29"]
[Round "6"]
[White "Margaryan, Susanna"]
[Black "Orlova, Anna-Daria"]
[Result "1-0"]
[Termination "normal"]
[Board "7.3"]
[WhiteElo "960"]
[BlackElo "859"]
[WhiteTeam "Elmshorner SC"]
[BlackTeam "SF Gerresheim"]
[PlyCount "63"]
[WhiteFideId "16268210"]
[BlackFideId "16275381"]
[EventCountry "GER"]
[EventRounds "7"]
[EventType "team-swiss"]
[EventDate "2018.12.26"]

1. d4 d5 2. Nf3 Nc6 3. Bf4 Nf6 4. e3 Bf5 5. Bd3 Bg6 6. O-O Bh5 7. c4 e6 8. Nc3
Be7 9. Be2 O-O 10. Qd3 Re8 11. Rad1 Bd6 12. Bxd6 cxd6 13. h3 Bg6 14. Qd2 Qd7
15. Nh4 Rad8 16. Nxg6 fxg6 17. cxd5 exd5 18. Bb5 a6 19. Ba4 b5 20. Bb3 Ne7 21.
a4 b4 22. Na2 a5 23. Rc1 Rc8 24. Qd3 Rc7 25. Rxc7 Qxc7 26. Rc1 Qd7 27. f3 Nf5
28. e4 Ne7 29. e5 Nh5 30. exd6 Qxd6 31. Qb5 Nf4 32. Qxe8# 1-0

[Event "DVM U14w 2018"]
[Site "Neumünster GER"]
[Date "2018.12.29"]
[Round "6"]
[White "Kopylov, Diana"]
[Black "Schwegler, Jelena"]
[Result "0-1"]
[Termination "normal"]
[Board "8.1"]
[WhiteElo "765"]
[BlackElo "1473"]
[WhiteTeam "TuRa Harksheide Norderstedt 2"]
[BlackTeam "SK Bad Homburg"]
[PlyCount "116"]
[WhiteFideId "16268865"]
[BlackFideId "16225481"]
[EventCountry "GER"]
[EventRounds "7"]
[EventType "team-swiss"]
[EventDate "2018.12.26"]

1. e4 e5 2. Nf3 Nc6 3. Nc3 Nf6 4. Bc4 Nxe4 5. Nxe4 d5 6. Bd3 dxe4 7. Bxe4 Bd6
8. O-O O-O 9. d3 Bg4 10. h3 Bh5 11. Qe1 Qd7 12. g4 Bg6 13. Nh4 Bxe4 14. Qxe4
Nd4 15. Qxb7 Nxc2 16. Rb1 h5 17. Qg2 hxg4 18. hxg4 Nd4 19. Be3 Rab8 20. Qe4 Rb4
21. Qd5 Ne2+ 22. Kh1 Qxg4 23. Qg2 Qxh4+ 24. Qh2 Qxh2+ 25. Kxh2 e4+ 26. Kh3 exd3
27. a3 Rb3 28. Bxa7 Bf4 29. Rfe1 d2+ 30. Kg4 dxe1=Q 31. Rxe1 Rxb2 32. Bc5 f5+
33. Kf3 Re8 34. a4 Nd4+ 35. Bxd4 Rxe1 36. Bxb2 Be5 37. Bxe5 Rxe5 38. Kf4 Ra5
39. Kg5 Kf7 40. Kf4 Ke6 41. Ke3 c5 42. Kd3 Kd5 43. Kc3 Rxa4 44. Kb3 Kd4 45.
Kxa4 Kd3 46. Kb5 c4 47. f4 c3 48. Kc5 c2 49. Kd5 c1=Q 50. Ke5 Qc5+ 51. Ke6 Ke4
52. Kf7 Qd6 53. Kxg7 Kxf4 54. Kh7 Qf6 55. Kg8 Qe7 56. Kh8 Kg5 57. Kg8 Kg6 58.
Kh8 Qh7# 0-1

[Event "DVM U14w 2018"]
[Site "Neumünster GER"]
[Date "2018.12.29"]
[Round "6"]
[White "Niesch, Sarah"]
[Black "Petrosyan, Ani"]
[Result "0-1"]
[Termination "normal"]
[Board "9.1"]
[WhiteElo "1084"]
[BlackElo "1345"]
[WhiteTeam "SC Leipzig Lindenau"]
[BlackTeam "TuRa Harksheide Norderstedt 1"]
[PlyCount "96"]
[WhiteFideId "16211294"]
[BlackFideId "16248015"]
[EventCountry "GER"]
[EventRounds "7"]
[EventType "team-swiss"]
[EventDate "2018.12.26"]

1. d4 c6 2. Nc3 d5 3. Bf4 Bf5 4. e3 Nf6 5. Bd3 Bxd3 6. cxd3 e6 7. e4 dxe4 8.
dxe4 Nbd7 9. h3 Be7 10. Nf3 O-O 11. O-O Nb6 12. Bg5 Qc7 13. Nh2 Rad8 14. e5
Nfd5 15. Bxe7 Qxe7 16. Nxd5 Rxd5 17. Nf3 Rfd8 18. Qd2 c5 19. Qa5 cxd4 20. Qxa7
Nc4 21. b3 Nxe5 22. Nxe5 Rxe5 23. Rad1 Red5 24. Rd3 Qc7 25. Qa4 e5 26. Rfd1 Rc5
27. Qb4 Rc2 28. a4 Rd5 29. Qe1 Rdc5 30. Rg3 Rc1 31. Rgd3 Rxd1 32. Rxd1 Rc3 33.
Rxd4 f6 34. Rd1 Rxb3 35. Qd2 h6 36. Qd5+ Qf7 37. Qd8+ Kh7 38. Qc8 f5 39. Rd8
Qf6 40. Rf8 Rb1+ 41. Kh2 Qc6 42. Qxf5+ Qg6 43. Qxe5 Rf1 44. Qb5 Ra1 45. a5 Qd6+
46. g3 Qxf8 47. Qd3+ Kh8 48. Qb5 Qxf2# 0-1

[Event "DVM U14w 2018"]
[Site "Neumünster GER"]
[Date "2018.12.29"]
[Round "6"]
[White "Foos, Vanessa"]
[Black "Heintz, Lilly"]
[Result "1-0"]
[Termination "normal"]
[Board "9.2"]
[WhiteElo "1177"]
[BlackElo "1057"]
[WhiteTeam "TuRa Harksheide Norderstedt 1"]
[BlackTeam "SC Leipzig Lindenau"]
[PlyCount "89"]
[WhiteFideId "16245270"]
[BlackFideId "16229550"]
[EventCountry "GER"]
[EventRounds "7"]
[EventType "team-swiss"]
[EventDate "2018.12.26"]

1. d4 d5 2. c4 e6 3. Nc3 Nf6 4. Nf3 Nc6 5. g3 g6 6. Bg2 Bg7 7. O-O O-O 8. cxd5
exd5 9. Bg5 Be6 10. e4 Qd7 11. Bxf6 Bxf6 12. e5 Bg7 13. Rc1 Ne7 14. Re1 b6 15.
Ne2 Rac8 16. Nf4 Nf5 17. Nxe6 fxe6 18. Bh3 c5 19. dxc5 bxc5 20. Nd2 c4 21. Nxc4
Qe7 22. Nd6 Nxd6 23. exd6 Qxd6 24. Bxe6+ Kh8 25. Rxc8 Rxc8 26. Bxc8 h6 27. Qe2
Qc6 28. Qe8+ Qxe8 29. Rxe8+ Kh7 30. h4 Bxb2 31. Re2 Bc3 32. Re7+ Kh8 33. Rxa7
d4 34. a4 h5 35. Rd7 Kg8 36. Ba6 Kf8 37. Bd3 Ke8 38. Rb7 Kd8 39. Bxg6 Kc8 40.
Rb3 Kd8 41. Bxh5 Kc8 42. g4 Ba1 43. g5 Kd8 44. a5 Kc7 45. a6 1-0

[Event "DVM U14w 2018"]
[Site "Neumünster GER"]
[Date "2018.12.29"]
[Round "6"]
[White "Ezold, Johanna Sophie"]
[Black "Rößl, Sara"]
[Result "1-0"]
[Termination "normal"]
[Board "9.3"]
[WhiteElo "994"]
[BlackElo "908"]
[WhiteTeam "SC Leipzig Lindenau"]
[BlackTeam "TuRa Harksheide Norderstedt 1"]
[PlyCount "101"]
[WhiteFideId "16275411"]
[BlackFideId "16255828"]
[EventCountry "GER"]
[EventRounds "7"]
[EventType "team-swiss"]
[EventDate "2018.12.26"]

1. e4 e5 2. Nf3 Nc6 3. Bc4 Nf6 4. Nc3 Bc5 5. d3 d6 6. h3 O-O 7. Bg5 Bb4 8. a3
Ba5 9. Qe2 Nd4 10. Qd1 Qe7 11. O-O Be6 12. Bxe6 Qxe6 13. b4 Bb6 14. a4 a6 15.
Re1 Nc6 16. a5 Ba7 17. b5 axb5 18. Nxb5 Rfc8 19. Bd2 Nh5 20. Ng5 Qg6 21. Nxa7
Rxa7 22. Qe2 Rf8 23. Reb1 Nd4 24. Qd1 f6 25. Nf3 f5 26. Nh4 Qf7 27. Be3 f4 28.
Bxd4 exd4 29. Nf5 d5 30. Qd2 dxe4 31. dxe4 g6 32. Nh6+ Kg7 33. Nxf7 Rxf7 34.
Qxd4+ Nf6 35. Qxa7 Nxe4 36. Qd4+ Nf6 37. Qxf4 Nh5 38. Qd4+ Nf6 39. Qd2 Ne4 40.
Qd4+ Nf6 41. Rxb7 h6 42. Rb8 h5 43. Rab1 Kh7 44. Qd8 Kh6 45. R1b5 c6 46. Qh8+
Rh7 47. Qf8+ Rg7 48. R8b7 Ne8 49. Re5 Nc7 50. Rxc7 c5 51. Qxg7# 1-0